000 00307nam a2200109Ia 4500
008 171211s9999 xx 000 0 und d
245 3 _aAn Outline of International Price Theories
245 _cChi-Yuen Wu
260 _c2010
650 _xEconomics
856 _uhttp://down.ebook777.com/064/9780415607438.pdf
999 _c348093
_d348093